[Event "Tata Steel-A 79th"]
[Site "Wijk aan Zee"]
[Date "2017.01.16"]
[Round "3"]
[White "Karjakin, Sergey"]
[Black "Van Wely, Loek"]
[Result "1-0"]
[WhiteElo "2785"]
[BlackElo "2695"]
[Annotator "Marin,M"]
[PlyCount "99"]
[EventDate "2017.01.14"]
[EventType "tourn"]
[EventRounds "13"]
[EventCountry "NED"]
[EventCategory "21"]
[SourceTitle "CBM 177"]
[Source "ChessBase"]
[SourceDate "2017.03.16"]
[SourceVersion "1"]
[SourceVersionDate "2017.03.16"]
[SourceQuality "1"]

1. e4 d6 2. d4 Nf6 3. Nc3 g6 4. f4 Bg7 5. Bd3 {Karjakin has frequently played
this move order over the past years. The last move looks a bit unnatural from
the traditional point of view (one should develop the knight first and only
then the bishop) but it has the concrete purpose of avoiding the 5...c5
variation.} O-O {This allows White to transpose to the "closed" systems 
(without 5...c5). The only way of trying to take advantage of this particular
move order is attacking d4.} ({True, the obvious} 5... e5 {has not worked too
well so far:} 6. dxe5 dxe5 7. Nf3 {Even though Black has managed to disrupt
the enemy centre and weaken the e4-pawn, he will need to release the tension,
thus speeding up White's development.} exf4 8. Bxf4 O-O 9. Qd2 Nc6 10. O-O-O
Be6 (10... Ng4 11. Nd5 Nce5 12. h3 Nxf3 13. gxf3 Ne5 14. Be2 $14 {Giri,A (2784)
-Van Wely,L (2667) Wijk aan Zee 2015 (1-0, 52) CBM 165 [Szabo,Kr] offered
White promising central domination.}) 11. h3 Nd7 12. Bg5 Bf6 $6 {This only
weakens the dark squares helping White's attack.} (12... f6 13. Be3 Nde5 {
is more solid but after} 14. h4 h5 {White will most likely find a favourable
way to sacrifice a pawn with g2-g4 in order to open the kingside.}) 13. h4 $16
{Karjakin,S (2776)-Wang,H (2752) Beijing 2013 (1-0, 30), White has better
development and obvious attacking chances.}) ({Karjakin has been less
convincing so far against} 5... Nc6 6. Nf3 Bg4 7. e5 (7. Be3 {allows Black to
carry out the central break under optimal circumstances since most of his
minor pieces are fighting for the d4-square:} e5 8. fxe5 dxe5 9. d5 Nd4 10. Be2
Bxf3 11. Bxf3 O-O 12. Qd3 c6 13. dxc6 bxc6 14. O-O Qa5 $11 {Karjakin,S (2757)
-Stocek,J (2554) Jurmala 2015 (½-½, 38)}) 7... Bxf3 8. gxf3 Nh5 9. Be3 O-O ({
The old masters seemed to know better how to treat this type of position:} 9...
e6 $1 {[%cal Gd8h4]} 10. h4 O-O 11. Qd2 dxe5 12. dxe5 Nb4 13. O-O-O Nxd3+ 14.
cxd3 f6 15. exf6 Rxf6 16. Kb1 Rf5 $17 {[%csl Gf3,Gf4,Gh4] Fedorowicz,J (2505)
-Smyslov,V (2560) New York 1989 (½-½, 28)}) 10. Qd2 dxe5 11. dxe5 e6 12.
O-O-O Qh4 13. Rdg1 {Karjakin,S (2753)-Ding,L (2749) Heixiazi 2015 (0-1, 33)
Black is surely doing fine, but he cannot claim an advantage yet.}) 6. Nf3 Nc6
{Over the decades this has been considered the most solid move, but to my
taste it is too dry. I am not really thrilled by the blocking of the path of
the c-pawn.} ({Personally I prefer the riskier but more interesting} 6... Na6)
({and} 6... Nbd7) 7. e5 {Crossing Black's intentions to break with ...e7-e5.} (
{Karjakin had unpleasant memories with} 7. O-O e5 8. fxe5 dxe5 9. d5 Nd4 10.
Nxe5 Nxd5 11. Nxd5 Bxe5 12. Bf4 Nc6 13. Qd2 Be6 14. Bh6 Bxb2 15. Rab1 Bd4+ 16.
Kh1 Bxd5 17. exd5 Qxd5 18. Bxf8 Rxf8 $44 {Black surely has excellent
compensation for the exchange but there was no need for throwing the game away
at once:} 19. Bxg6 $2 hxg6 20. c3 Qa5 21. Rxb7 Bb6 {0-1 Karjakin,S (2645)
-Petrosian,T (2581) Tiayuan 2005}) 7... dxe5 8. fxe5 Nd5 {The drawback of this
natural centralising move is that it allows White to consolidate the d4-pawn
with c2-c3, leaving the c6-knight passive. On top of that, ...c7-c5 is not
available.} ({Karjakin had also faced the main alternative:} 8... Nh5 9. Be3
Bg4 10. Be2 f6 11. exf6 exf6 12. O-O Re8 13. Qd2 Ne7 {Statically, Black is
doing fine but Karjakin managed to unbalance the position dynamically.} 14.
Bc4+ Kh8 15. Nh4 Nc6 16. Bf2 Ne5 {Black's kingside pieces are exposed so
starting dynamic play in the centre does not seem the best.} ({The knight
stands well on c6, putting pressure on d4, so it would have been better to
clear up matters on the kingside:} 16... g5 17. h3 Bxh3 18. gxh3 gxh4 19. Bf7
Ng3 20. Bxg3 Re7 21. Bxh4 Rxf7 $13 {[%csl Gh3][%cal Gd8d7,Ga8g8,Gf6f5]}) 17.
Bd5 $1 {[%cal Gd8d2,Gd4e5]} c6 18. h3 $1 cxd5 19. dxe5 Be6 20. exf6 (20. g4 $5
d4 21. Ne4 Bd5 22. gxh5 Bxe4 23. h6 $16) 20... Nxf6 21. Bd4 {The blockade on
d4 offers White some chances for an advantage but the next active move keeps
things within tolerable limits for Black:} Ne4 {Karjakin,S (2777)-Jones,G 
(2664) Bilbao 2014 (½-½, 45)}) 9. Nxd5 Qxd5 10. c3 Bg4 ({Another unlucky
game for Karjakin went} 10... f6 11. Qe2 Kh8 12. Be4 Qd8 13. Be3 {The right
strategy. Even the pressure on e5 is strong, White should not release the
tension.} (13. exf6 exf6 {[%cal Gf8e8] leaves White vulnerable along the
e-file.}) 13... fxe5 14. d5 $1 Nb8 15. O-O-O Nd7 16. Bc2 {[%cal Gf3g5,Gh2h4]}
e4 17. Bxe4 Nf6 18. Bc2 Qd6 19. Bd4 ({This offers White strong initiative for
the pawn but it would have been simpler to keep it:} 19. Qc4 $1 $16 {[%cal
Ge3c5]}) 19... Nxd5 20. Bxg7+ Kxg7 21. Rhe1 Bg4 22. Kb1 Bxf3 23. gxf3 Qc6 24.
Be4 e6 25. h4 Qb6 26. h5 $4 Nxc3+ {0-1 Karjakin,S (2678)-Petrosian,T (2613)
Mainz (rapid) 2007}) 11. Qe2 {A rare continuation} ({The most popular
continuation is} 11. O-O {but White has to reckon with} Bxe5 12. dxe5 Rad8 13.
Qa4 $5 {[%csl Gg4]} (13. Be2 Bxf3 $15 14. Bxf3 $2 Qc5+) (13. Bh6 {1-0 (65)
Boudy Bueno,J-Zwaig,A Dresden 1969} Nxe5 $1 $44) 13... Bxf3 14. Rxf3 Nxe5 15.
Be2 Nxf3+ 16. Bxf3 Qc5+ 17. Kh1 {with a position which is hard to evaluate.
The bishops are threatening but Black's extra pawns and the rook's activity
along the d-file should not be underestimated.}) ({But the simple} 11. h3 {
may face Black with bigger problems for instance:} Bxf3 12. Qxf3 Qd7 13. Bf4 f6
14. Bc4+ e6 15. exf6 Rxf6 {Kravtsiv,M (2571)-Wang,Y (2709) Shenzhen 2011 
(½-½, 62)} 16. Qe4 $5 $16) 11... Rad8 12. Be4 Qd7 13. Be3 {Karjakin
continues developing.} ({But once again forcing the bishop to make up its mind
is worth considering:} 13. h3 Be6 14. O-O f6 15. Bf4 fxe5 16. Bxc6 Qxc6 17.
Nxe5 Qd5 18. Nd3 $14 c6 $2 19. Bc7 $18 {[%cal Gd3f4,Gc7d8] Jansa,V-Lanc,A
Czechoslovakia 1970 (1-0, 28)}) 13... f6 14. O-O-O {The same policy as in the
second game with Petrosian quoted above.} fxe5 15. Qc4+ ({Under the given
circumstances} 15. d5 {does not force the knight to retreat:} Na5 $1 16. b3 ({
The point is that} 16. b4 {does not win the knight due to} Qa4 $1 $132 {
[%csl Ge4]}) 16... b6 $13 {[%cal Ga5b7,Gb7d6]}) 15... Kh8 16. dxe5 Nxe5 $2 {
There was no need for such despairing measures.} (16... Qe6 {offers Black at
least reasonable play if not full equality.} 17. Bd5 Qf5 18. Bxc6 Rxd1+ 19.
Rxd1 bxc6 20. Qxc6 {The most forcing continuation is} Bxe5 21. Nxe5 Bxd1 22.
Kxd1 Qxe5 23. Bd4 Rd8 24. Qc5 Rxd4+ 25. Qxd4 Qxd4+ 26. cxd4 Kg7 {but this
ending is at least dangerous for Black since his structure is weaker than
White's.}) 17. Nxe5 Qxd1+ 18. Rxd1 Rxd1+ 19. Kc2 Bxe5 {Black's rooks cannot
create concrete threats while many black pawns are exposed to the attack of
the white queen and bishops.This is enough to make us prefer White's position,
but the next move makes things even clearer.} 20. Bxg6 $1 Rd6 (20... hxg6 21.
Qxg4 Rd6 22. Qh4+ Kg8 23. Qxe7 $18) 21. Qxg4 $2 $14 {Failing to seize the
favourable moment.} ({After the quiet move} 21. Bd3 $1 $18 {Black is hanging
awfully:} Be6 (21... Bf5 22. Bxf5 Rxf5 23. Qe4 Rdf6 24. g4 {[%csl Ge5]}) (21...
Bd1+ 22. Kc1 $18 {[%cal Gc4e4]}) 22. Qe4 Rxd3 23. Qxe5+) 21... Rxg6 22. Qe4
Bxh2 23. Qxb7 a6 24. a4 {Materially Black stands more than all right, but his
pawns are weak and his king is exposed.} Bf4 25. Bd4+ e5 26. Bc5 Re8 27. Qxc7
Rxg2+ 28. Kb1 Rg6 29. Qf7 Ra8 30. b4 $18 {Due to his poor coordination Black
cannot advance his passed pawns, while White's are running ahead. The rest is
agony.} Bh6 31. b5 axb5 32. axb5 Rc8 33. Qd5 Bf8 34. Bxf8 Rxf8 35. Qxe5+ Kg8
36. Kc2 h6 37. c4 Rg5 38. Qe6+ Kg7 39. Kc3 Rf7 40. b6 h5 41. Kb4 h4 42. c5 Rf1
43. Qe4 Rgf5 44. Qxh4 R5f4+ 45. Qxf4 Rxf4+ 46. Kb5 Rf1 47. b7 Kf6 48. c6 Rb1+
49. Ka6 Rc1 50. Kb6 1-0

[Event "Metz op 30th"]
[Site "Metz"]
[Date "2012.04.23"]
[Round "2"]
[White "Koziak, Vitali"]
[Black "Manolache, Marius"]
[Result "0-1"]
[WhiteElo "2511"]
[BlackElo "2561"]
[Annotator "Metz Alekhine/Primel,D"]
[PlyCount "55"]
[EventDate "2012.04.14"]
[EventType "swiss"]
[EventRounds "9"]
[EventCountry "FRA"]
[SourceTitle "EXT 2013"]
[Source "ChessBase"]
[SourceDate "2012.11.22"]
[SourceVersion "1"]
[SourceVersionDate "2012.11.22"]
[SourceQuality "1"]

1. d4 d6 2. e4 g6 3. Nc3 Bg7 4. f4 Nf6 5. Nf3 O-O 6. Bd3 Nc6 7. e5 dxe5 8. dxe5
Nd5 9. Nxd5 Qxd5 10. Qe2 Bg4 11. Be4 (11. c3 Bxf3 12. gxf3 e6 13. Be4 Qd8 14.
h4 h5 15. Be3 Bh6 16. b4 Qc8 17. Rg1 Ne7 18. Rd1 Re8 19. Qc4 c6 20. Bc5 Kh8 21.
Qd3 Nd5 22. c4 Nxf4 23. Qd7 Kg8 24. Qxc8 Rexc8 25. Be7 Bg7 26. Bd6 Rd8 27. b5
cxb5 28. c5 Rd7 29. c6 bxc6 30. Bxc6 Rad8 31. Bxd7 Rxd7 32. Rh1 a5 33. Rh2 b4
34. Rc2 Nd5 35. Rc8+ Kh7 36. Ra8 Rb7 37. Rd3 Rb5 38. Ra7 g5 39. Rxf7 Kg6 40.
Ra7 gxh4 {Shanava,K (2589)-Zarkua,D (2446) Tbilisi 2012 0-1 (78)}) 11... Qd7
12. Be3 Rad8 13. O-O Nd4 14. Qf2 $146 (14. Qc4 Nxf3+ 15. Bxf3 Bxf3 16. Rxf3 a6
17. Bc5 Rfe8 18. Bb4 Qd4+ 19. Qxd4 Rxd4 20. Bc3 Rd5 21. Rd3 Rxd3 22. cxd3 Rd8
23. Rd1 e6 24. Kf2 Rd5 25. Ke3 Bf8 26. g4 Be7 27. Ke4 c6 28. Bd2 Rb5 29. Bc3
Bd8 30. Bd4 Ra5 31. a3 Rb5 32. Rc1 Be7 33. a4 Rd5 34. Rc4 Kf8 35. Rc1 Ke8 36.
b3 Kd7 37. Bb6 Ba3 38. Rc4 c5 39. d4 Rxd4+ 40. Rxd4+ cxd4 41. Bxd4 Kc6 42. Be3
Bb4 43. h3 Be1 {Dudek,R (2253)-Kountz,J (2303) Germany 2003 1/2-1/2 (67)})
14... Bf5 15. Bxf5 Nxf5 $11 16. Bd2 b6 17. Bc3 Qa4 18. g3 Rd5 19. Rae1 Rfd8 20.
h3 c5 21. b3 Qc6 22. g4 Nd4 $11 23. Qg2 Nxf3+ 24. Qxf3 Qd7 25. f5 $1 {[%csl
Rf7]} e6 26. f6 Bh6 {[%csl Gd2] Le Bh6 tient bien la position et l'attaque
s'essoufle un peu alorsque les Noirs peuvent réagir au centre.} 27. Qe2 (27. a4
c4 $5) 27... Bg5 28. Qf2 {[%cal Gh3h4] Suite illisible et gain Noir au 44ème
coup} 0-1

[Event "World Women-ch k.o."]
[Site "Teheran"]
[Date "2017.02.16"]
[Round "2.6"]
[White "Buksa, Nataliya"]
[Black "Guramishvili, Sopiko"]
[Result "0-1"]
[WhiteElo "2302"]
[BlackElo "2357"]
[Annotator "Moradiabadi,E"]
[PlyCount "252"]
[EventDate "2017.02.11"]
[EventType "k.o."]
[EventRounds "7"]
[EventCountry "IRI"]
[SourceTitle "CBM 177"]
[Source "ChessBase"]
[SourceDate "2017.03.16"]
[SourceVersion "1"]
[SourceVersionDate "2017.03.16"]
[SourceQuality "1"]

1. e4 d6 2. d4 Nf6 3. Nc3 g6 4. f4 Bg7 5. Nf3 O-O 6. Bd3 Nc6 7. O-O e5 8. fxe5
dxe5 9. d5 Nd4 10. Nxe5 Nxe4 11. Bxe4 Bxe5 12. Bf4 Bg7 13. Qd2 Re8 14. Rae1 Bd7
15. Bd3 Rxe1 16. Rxe1 Nf5 17. Nb5 Bxb5 18. Bxb5 Bd4+ 19. Kh1 Qxd5 20. c4 Qc5
21. b4 Qb6 22. Bd7 Qf6 23. Rd1 Bc3 24. Qd3 Ng7 25. Bxc7 Bxb4 26. Qd5 Qa6 27.
Bb5 Qxa2 28. Qxb7 Rf8 29. Qf3 a5 30. Be5 Qc2 31. Rf1 Nf5 32. h3 Bd6 33. Bxd6
Nxd6 34. Qd5 Nf5 35. Rf3 a4 36. Kh2 Nh4 37. Rg3 Nf5 38. Qd3 Qf2 39. Rf3 Qa7 40.
Kh1 Nd4 41. Re3 Ne6 42. Qa3 Ra8 43. Bc6 Rb8 44. Re1 Qf2 45. Qe3 Qxe3 46. Rxe3
Rb1+ 47. Kh2 Ra1 48. Bd5 Nf4 49. Bf3 Rc1 50. c5 Rxc5 51. Re8+ Kg7 52. Ra8 Rc4
53. Bd1 Rc1 54. Bxa4 h5 55. h4 Nd3 56. Bb3 Ne5 57. Bd5 Ng4+ 58. Kg3 Ne3 59. Be4
Rc4 60. Kf3 Ng4 61. Ra3 f5 62. Bd5 Rd4 63. Ba8 Kh6 64. Kg3 f4+ 65. Kf3 Ne5+ 66.
Ke2 Rb4 67. Bf3 Rb2+ 68. Ke1 Rb1+ 69. Kf2 Rb2+ 70. Kg1 Ng4 71. Kf1 Rb1+ 72. Ke2
Rh1 73. Ra4 Rxh4 74. Rxf4 Kg5 75. Ra4 Rh2 76. Rb4 Ne5 77. Rb5 Kf6 78. Kf2 {
[#] Guramishvili had several winning chances in this game and even at some
points could finish off Buksa but nerves took their toll. This position should
be a draw but in time pressure and with so much at stake, anything can happen.}
Rh1 79. Rb6+ Kg7 80. Re6 Nd3+ 81. Kg3 g5 82. Be4 Nf4 83. Re5 Kh6 $4 {[#]
Desparately seeking winning chances, Guramishvili forgot about her king safety.
} 84. Ra5 $4 {returns the favour!} (84. Re7 {would have cost Guramishvili her
knight} Ne2+ (84... Ng6 85. Re6) (84... h4+ 85. Kg4 {and mate follows soon})
85. Kf2 g4 86. Kxe2 $18) 84... Re1 85. Bf3 Re6 86. Rb5 Rf6 87. Rc5 Nd3 88. Ra5
h4+ 89. Kh3 Nf2+ 90. Kh2 g4 91. Bxg4 (91. Kg1 {was easier but this move is
good enough too}) 91... Nxg4+ 92. Kh3 Ne3 93. Kxh4 Nxg2+ 94. Kg3 Ne3 95. Rb5
Nf5+ 96. Kg4 Kg6 97. Ra5 Nd6 98. Rd5 Ne4 99. Re5 Nf2+ 100. Kg3 Nd3 101. Ra5 Rf1
102. Kg4 Kf6 103. Kg3 Ne5 104. Ra8 Kg5 105. Ra5 Kf5 106. Rb5 Rf3+ 107. Kg2 Rc3
108. Rb4 {Buksa is already defending in a non-systematic fashion. The easiest
path to make a draw is to keep the knight pinned and avoid opposition.} Ng4
109. Ra4 Kg5 110. Ra8 Ne3+ 111. Kf3 Nd5+ 112. Ke4 Nf6+ 113. Kd4 Rc1 114. Ra2
Rd1+ 115. Ke5 Ng4+ 116. Ke4 Re1+ 117. Kf3 Re3+ 118. Kg2 Kh4 119. Ra4 Rc3 120.
Ra2 Rb3 121. Ra4 Rd3 122. Ra2 Rg3+ 123. Kf1 Ne3+ 124. Ke1 Rg1+ 125. Kf2 Rg2+ $4
{[#] With her clock ticking Buksa forgets about 'stalemate'.} 126. Kxe3 $4 (
126. Ke1 Rxa2 {would have been a stalemate.}) 126... Rxa2 0-1

[Event "Copenhagen Aruna"]
[Site "Copenhagen"]
[Date "1997.05.05"]
[Round "4"]
[White "Mortensen, Erling"]
[Black "Sokolovs, Andrei"]
[Result "1-0"]
[WhiteElo "2450"]
[BlackElo "2480"]
[Annotator "Mortensen,E"]
[PlyCount "131"]
[EventDate "1997.04.02"]
[EventType "tourn"]
[EventRounds "9"]
[EventCountry "DEN"]
[EventCategory "10"]
[SourceTitle "CBM 059"]
[Source "ChessBase"]
[SourceDate "1997.08.01"]
[SourceVersion "1"]
[SourceVersionDate "1997.08.01"]
[SourceQuality "1"]

1. e4 {Hecht} g6 2. d4 Bg7 3. Nc3 d6 4. f4 Nf6 5. Nf3 O-O 6. Be2 c5 7. dxc5 Qa5
8. O-O Qxc5+ 9. Kh1 Nc6 10. Bd3 Bg4 11. Qe1 Rac8 12. Be3 Qa5 13. Nd2 Bd7 (13...
Be6 14. f5 Bd7 15. Nc4 Qd8 16. Qh4 $6 (16. a4 $14) 16... b5 17. Nxb5 Nb4 18.
Nxa7 Rxc4 19. Bxc4 Nxc2 20. Rae1 Qb8 21. e5 dxe5 22. fxg6 hxg6 23. Bc5 Nxe1 24.
Qxe1 Qc7 25. b4 Ra8 26. Nb5 Bxb5 27. Bxb5 Rxa2 28. Bc4 Ra8 29. Qh4 e6 30. h3
Nd5 31. Rd1 Nc3 32. Rc1 e4 33. Qe7 Qxe7 34. Bxe7 e3 35. b5 e2 36. b6 Bh6 37.
Re1 Bd2 38. Rxe2 Nxe2 39. Bxe2 Rb8 {0-1 Mortensen,E-Hansen,Cu/Espoo zt ;CBM 14
1989}) 14. Nb3 Qd8 15. a4 $1 $14 Be6 (15... Nb4 16. Bxa7 $16) 16. Nd4 Nxd4 (
16... Bd7 17. Nxc6 bxc6 18. Bxa7 c5 19. a5 $16) 17. Bxd4 a6 18. f5 Bc4 19. a5
Nd7 20. Bxg7 Kxg7 21. Qe2 $6 (21. Ra4 $1 Bxd3 22. cxd3 Nc5 23. Rd4 Nb3 (23...
Qxa5 24. b4 $18) 24. Rb4 Nxa5 25. Nd5 $40) 21... Bxd3 22. cxd3 e6 23. Qg4 Nf6
24. Qh3 exf5 25. exf5 d5 26. Qh4 Qd6 (26... Rc5 27. fxg6 fxg6 28. Qd4 Rxa5 29.
Rae1 $16) (26... d4 27. Ne4 Nxe4 28. Qxe4 $14) 27. Rf3 Rce8 28. Raf1 Qe5 (28...
d4 29. Ne4 Nxe4 30. dxe4 f6 31. Rh3 Rh8 32. Qh6+ Kf7 33. Rg3 g5 $2 (33... Reg8
34. Rd1 $16) 34. Rxg5 $18) (28... h6 29. fxg6 fxg6 30. Qd4 Qe5 31. Qxe5 Rxe5
32. Na4 d4 33. b4 Re3 34. Nc5 Rxf3 35. Rxf3 Rf7 36. Ne6+ $16) 29. d4 Qd6 30.
Rh3 h5 31. Qg5 Ng4 $5 (31... Nh7 32. Qd2 Nf6 33. Rhf3 Re7 34. Qg5 Ree8 35. h3
Rd8 (35... Nh7 36. f6+ $18) 36. Na4 $16) 32. Rxh5 Rh8 33. fxg6 $2 (33. Rxh8
Rxh8 34. Rf4 $1 Re8 35. g3 $18) 33... f6 $1 (33... Rxh5 34. gxf7+ $1 Rxg5 35.
fxe8=N+ $18) 34. Qxg4 Rxh5 35. h3 (35. Qxh5 Rh8 36. Qxh8+ Kxh8 $13) 35... Rg5
36. Qf3 Qe6 37. Rf2 Rxg6 $2 $138 (37... Kxg6 $15) 38. Nxd5 Qd6 39. Ne3 Kf7 $6 (
39... Kf8) 40. Qxb7+ Re7 41. Nf5 $1 $18 Qd7 42. Qxa6 $6 (42. Qb3+ $1 Qe6 43.
Qf3 $40) 42... Re1+ 43. Kh2 Qc7+ 44. g3 Re3 45. Qd6 Qxd6 46. Nxd6+ Ke6 47. Nf5
Rb3 48. d5+ Kd7 49. Re2 Rg8 50. a6 Ra8 (50... Re8 51. Rxe8 Kxe8 52. a7 Rxb2+
53. Kg1 Ra2 54. Nd6+ Kd7 55. Nb5 Kc8 56. h4 $18) 51. a7 Kc7 52. h4 Rxa7 53.
Re7+ Kb6 54. Rxa7 Kxa7 {Hecht: Auf f5 dominierender Springer mit Freibauern
und wK bei den Freibauern ==> 1-0} 55. Kh3 Kb6 (55... Rxb2 {Hecht} 56. Kg4 Rf2
57. h5 Rh2 58. h6 Kb6 59. Nh4 Ra2 60. h7 Ra8 61. Ng6 $18) 56. Kg4 Kc5 57. d6
Kd5 58. Kh5 Rxb2 59. Kg6 Ke6 60. h5 Rf2 (60... Rb8 {Hecht} 61. h6 Rg8+ 62. Ng7+
Kxd6 63. Kxf6 $18) 61. Ng7+ (61. h6 $2 {Hecht} Rxf5 62. h7 Rg5+ 63. Kh6 Rxg3
$19) 61... Kxd6 62. h6 Ra2 63. Kxf6 (63. Ne8+ {Hecht} Ke7 64. h7 Rh2 65. Nxf6
$18 {[%cal Rf6h5]}) 63... Kd7 64. Nf5 Ra6+ 65. Kf7 Ra5 66. g4 1-0

[Event "Zalakaros op 35th"]
[Site "Zalakaros"]
[Date "2016.06.01"]
[Round "6"]
[White "Ivanisevic, Ivan"]
[Black "Onischuk, Vladimir"]
[Result "1-0"]
[WhiteElo "2646"]
[BlackElo "2628"]
[Annotator "Narayanan,Srinath"]
[PlyCount "43"]
[EventDate "2016.05.27"]
[EventType "swiss"]
[EventRounds "9"]
[EventCountry "HUN"]
[SourceTitle "CBM 172 Extra"]
[Source "ChessBase"]
[SourceDate "2016.06.21"]
[SourceVersion "1"]
[SourceVersionDate "2016.06.21"]
[SourceQuality "1"]

{The game is too complex to comment from a brief glance, but the accuracy of
Ivanisevic is noteworthy!} 1. d4 d6 2. e4 Nf6 3. Nc3 g6 4. f4 Bg7 5. Nf3 O-O 6.
e5 dxe5 7. fxe5 Nfd7 {A departure from the mainlines.} (7... Nd5 8. Bc4 Be6 {
..... goes the mainline}) 8. h4 c5 9. h5 cxd4 10. hxg6 dxc3 $2 (10... Nxe5 11.
Nxe5 hxg6 12. Nxf7 Rxf7 (12... Kxf7 13. Ne4 Nc6 14. Bc4+ Ke8 {is another line
that I would find quite hard to calculate on the board and evaluate.}) 13. Bc4
e6 14. Ne4 Nc6 {seems to give a better shot at defence according to the
computer. I'll refrain from adding much here as I need more time to understand
what's going on and why.}) 11. gxf7+ Rxf7 12. Bc4 e6 $2 (12... Qb6 $142 {
I suppose the idea here is that Black king should vacate the treacherous
Westeros(kingside or the g8 square) and begin making his way to the other side.
Qb6 vacates d8 in facilitation of that process. All the same - as with my
disclaimer at the beginning of the game, I am just not sure about much here.}
13. Bxf7+ Kxf7 {[%cal Gf7e8,Ge8d8]} 14. Qd5+ e6 15. Ng5+ Ke7 16. Nxe6 Qxe6 17.
Bg5+ Nf6 18. Bxf6+ Bxf6 19. Rxh7+ Kf8 20. Qxe6 Bxe6 21. exf6 cxb2 22. Rb1 Nd7
23. Rxb2 Nxf6 24. Rhxb7 $14) 13. Bxe6 Qe8 14. Bxf7+ Qxf7 15. Ng5 cxb2 16. Bxb2
Qc4 17. Qh5 Nf8 18. Rh4 Qc7 19. Nxh7 Qa5+ 20. Kf1 Nbd7 21. Nf6+ Bxf6 22. Rg4+
1-0